Najlepiej zarabiający sportowcy świata 2020 - Statystyki

Ogólne statystyki
  • Ten quiz został rozwiązany 4 985 razy
  • Średni wynik to 4 z 10
Statystyki odpowiedzi
Zarobek Odpowiedzi % Poprawnych
105mln dolarów Cristiano Ronaldo
98%
104mln dolarów Lionel Messi
98%
95,5mln dolarów Neymar
74%
88,2mln dolarów LeBron James
54%
106,3mln dolarów Roger Federer
27%
74,4mln dolarów Stephen Curry
26%
62.3mln dolarów Tiger Woods
23%
63,9mln dolarów Kevin Durant
15%
60,5mln dolarów Kirk Cousins
2%
59,1mln dolarów Carson Wentz
1%
Nie znaleziono quizów pasujących do podanych kryteriów
Rozkład punktacji
Procent ludzi z każdym wynikiem
Percentyl według liczby udzielonych odpowiedzi
Twoja historia wyników
Nie rozwiązałeś tego quizu